000 00618nam a2200241Ia 4500
003 OSt
005 20221005133333.0
006 a|||||r|||| 00| 0
007 ta
008 221004b |||||||| |||| 00| 0 eng d
024 _a70805
037 _cTextual
040 _aCRL
_cCRL
_beng
041 _2eng
_aeng
082 _aY1:381.76, H8
100 _aGarfield Viola E
_9642394
245 0 _aWolf and the Raven
260 _c1948
650 _aSOCIOLOGY
700 _a Forrest Linn A
_9642395
942 _hY1:381.76, H8
_cTEXL
_2cc
999 _c1066521
_d1066521